Wszyscy zwycięzcy Scottish Premiership - Statystyki

Ogólne statystyki
  • Ten quiz został rozwiązany 43 razy
  • Średni wynik to 5 z 10
Statystyki odpowiedzi
Wygrane Odpowiedź % Poprawnych
53 Celtic
100%
55 Rangers
95%
4 Aberdeen
70%
4 Hearts
68%
4 Hibernian
51%
1 Dundee United
49%
1 Kilmarnock
35%
1 Motherwell
30%
1 Dundee FC
22%
2 Dumbarton
11%
Nie znaleziono quizów pasujących do podanych kryteriów
Rozkład punktacji
Procent ludzi z każdym wynikiem
Percentyl według liczby udzielonych odpowiedzi
Twoja historia wyników
Nie rozwiązałeś tego quizu